Focus sur: Thorin II - Tolkien - Statistiques

Statistiques générales
  • Ce quiz a été pris 116 fois
  • Le résultat moyen est 9 sur 13
Statistiques - réponses
Informations recherchées Réponses % Correct
Première apparition Le Hobbit
100%
Groupe auquel il appartient Compagnie de Thorin
98%
Espèce Nain
98%
Surnom Lécudechesne
96%
Profession et titre Roi sous la Montagne
95%
Age durant lequel il vécut Troisième
95%
Royaume Erebor
93%
Maison (lignée) Durin
88%
Père Thráin II
82%
Nom de l'arme Orcrist
32%
Acteur l'interprétant dans les films Richard Armitage
30%
Soeur Dís
22%
Frère Frerin
13%
Aucun quiz correspondant
Distribution des résultats
% des personnes avec chaque résultat
Percentile par nombre de réponses
Votre historique - résultats
Vous n’avez pas pris ce quiz